How to help with epilepsy / (Record no. 16589)

MARC details
000 -LEADER
fixed length control field 00585nam a22001817a 4500
003 - CONTROL NUMBER IDENTIFIER
control field OSt
005 - DATE AND TIME OF LATEST TRANSACTION
control field 20171030150506.0
008 - FIXED-LENGTH DATA ELEMENTS--GENERAL INFORMATION
fixed length control field 171030b xxu||||| |||| 00| 0 eng d
040 ## - CATALOGING SOURCE
Original cataloging agency KABU
Transcribing agency KABU
050 ## - LIBRARY OF CONGRESS CALL NUMBER
Classification number RC372
Item number .P53 1987
100 ## - MAIN ENTRY--PERSONAL NAME
Personal name Pickering, Caroline A.
245 ## - TITLE STATEMENT
Title How to help with epilepsy /
Statement of responsibility, etc. compiled by Caroline A. Pickering; illustrated by Paul G. Otieno
260 ## - PUBLICATION, DISTRIBUTION, ETC. (IMPRINT)
Place of publication, distribution, etc. Nairobi
Name of publisher, distributor, etc. Kenya Association for the Welfare of Epileptics
Date of publication, distribution, etc. 1987
300 ## - PHYSICAL DESCRIPTION
Extent vi, 34 p.
650 ## - SUBJECT ADDED ENTRY--TOPICAL TERM
Topical term or geographic name as entry element Epilepsy
700 ## - ADDED ENTRY--PERSONAL NAME
Personal name Otieno, Paul G.
942 ## - ADDED ENTRY ELEMENTS (KOHA)
Source of classification or shelving scheme Library of Congress Classification
Koha item type General Collection
Classification part RC372
Item part .P53 1987
Holdings
Withdrawn status Lost status Source of classification or shelving scheme Not for loan Home library Current library Date acquired Inventory number Total Checkouts Full call number Barcode Date last seen Copy number Price effective from Koha item type
    Library of Congress Classification   Kabarak, Main Campus Kabarak, Main Campus 30/10/2017 2017/0404   RC372 .P53 1987 c.1 027807 30/10/2017 c.1 30/10/2017 General Collection
Designed with assistance from East African Informatics Ltd